LEADER 01299nam 2200349 450 001 996206733703316 005 20180324165342.0 035 $a(CKB)111055184273356 035 $a(WaSeSS)IndRDA00096375 035 $a(NjHacI)99111055184273356 035 $a(EXLCZ)99111055184273356 100 $a20180324d2002 || | 101 0 $aeng 135 $aur||||||||||| 181 $ctxt$2rdacontent 182 $cc$2rdamedia 183 $acr$2rdacarrier 200 00$aProceedings of the 6th International Conference on Optimization of Electrical and Electronic Equipments $e14-15 May 1998 210 1$aNew York :$cIEEE,$d2002. 215 $a1 online resource (447 pages) 311 $a973-98511-2-6 606 $aElectric apparatus and appliances$xDesign and construction$vCongresses 606 $aElectronic apparatus and appliances$xDesign and construction$vCongresses 615 0$aElectric apparatus and appliances$xDesign and construction 615 0$aElectronic apparatus and appliances$xDesign and construction 676 $a621.3028 801 0$bWaSeSS 801 1$bWaSeSS 906 $aPROCEEDING 912 $a996206733703316 996 $aProceedings of the 6th International Conference on Optimization of Electrical and Electronic Equipments$92521677 997 $aUNISA LEADER 01355nam2 22002891i 450 001 UON00436836 005 20231205104932.240 100 $a20140320d1885 |0itac50 ba 101 $apor 102 $aPT 105 $a|||| 1|||| 200 1 $aˆ2: ‰Crenças e festas publicas, tradições e saber popular$fpor Theophilo Braga 210 $aLisboa$cLivraria Ferreira$d1885 215 $a546 p.$d19 cm. 316 $aValore stimato$5IT-UONSI PortXI/0668 b 461 1$1001UON00436827$12001 $aˆO ‰povo portuguez nos seus costumes, crenças e tradições$fpor Theophilo Braga$1205 $aLisboa : Livraria Ferreira$b1885$1210 $a2 v.$a19 cm$1215 $aIn testa al front.: Ethnographia portugueza.$v2 606 $aFOLKLORE$xPortogallo$3UONC085267$2FI 620 $aPT$dLisboa$3UONL003135 676 $a946.9$cStoria generale d'Europa. Portogallo$v21 700 1$aBRAGA$bTeófilo$3UONV219624$0548498 712 $aLivraria Ferreira$3UONV274659$4650 801 $aIT$bSOL$c20240220$gRICA 899 $aSIBA - SISTEMA BIBLIOTECARIO DI ATENEO$2UONSI 912 $aUON00436836 950 $aSIBA - SISTEMA BIBLIOTECARIO DI ATENEO$dSI Port XI 0668 b $eSI MR 51550/1 6 0668 b Valore stimato 996 $aCrenças e festas publicas, tradições e saber popular$91185902 997 $aUNIOR